| 000 | 00601nam a22001937a 4500 | ||
|---|---|---|---|
| 005 | 20231211162812.0 | ||
| 010 | _aENG-137644 | ||
| 020 |
_a9789385373404 _c80.00 |
||
| 035 | _aEN-121176 | ||
| 037 | _bDBAD/PUB | ||
| 082 | _a158.1 | ||
| 100 |
_aSJL, Lilly Thockanattu _959761 |
||
| 245 |
_aRecipes for a Fuller Life: _bValue Education for Youth/ _cBy Lilly Thockanattu, SJL |
||
| 250 | _a | ||
| 260 |
_aTamil Nadu _bVaigarai Publishing House _c2017 |
||
| 270 |
_a6, Main Road Dindigul _bTamil Nadu, India _e624001 |
||
| 300 |
_a152p. _c21cm(pbk) |
||
| 942 |
_2ddc _cEN _h158.1 _kSJL |
||
| 999 |
_c196817 _d196817 |
||